00630nam a22001817a 4500003000900000008004100009040007100050082002200121100003100143245006700174260003800241300002700279505006000306650001400366650001900380650001400399710003500413AR-CdUCM190408b ||||| |||| 00| 0 spa d aMUNICIPALIDAD PROVINCIAL DEL CUSCOcBIBLIOTECA MUNICIPAL DEL CUSCO aC / 365.66 /bD45 aDegregori de Nieto, Bertha aEl problema sexual en las prisiones :bDerecho penitenciario / aCusco :bEdiciones Amauta,c1967. a34 páginas ;c24 cm. aContenido: Ciencia penitenciaria -- El problema sexual. aPrisiones aHigiene sexual aProblemas aUniversidad Nacional del Cuzco